| 000 | 01273cam a2200397 i 4500 | ||
|---|---|---|---|
| 001 | 200459463 | ||
| 003 | TR-AnTOB | ||
| 005 | 20250716121913.0 | ||
| 007 | ta | ||
| 008 | 221220s2021 tu ba b 001 0 tur d | ||
| 010 | _a 2022318343 | ||
| 020 | _a9789751748713 | ||
| 020 | _a9751748712 | ||
| 035 | _a(OCoLC)on1333445329 | ||
| 037 | _c25.00 USD | ||
| 040 |
_aSTF _beng _erda _cSTF _dOCLCF _dCGU _dYUS _dDLC _dTR-AnTOB |
||
| 041 | 0 | _atur | |
| 042 |
_alccopycat _alcode |
||
| 043 | _aa-tu--- | ||
| 050 | 0 | 0 |
_aDS27 _b.A488 2021 |
| 090 |
_aDS27 _b.A488 2021 |
||
| 100 | 1 |
_aAltunsoy, Nazlı, _d1987- _eauthor _9149212 |
|
| 245 | 1 | 0 |
_aTürkiye Selçukluları döneminde gayrimüslimler / _cNazlı Altunsoy. |
| 264 | 1 |
_aAnkara : _bTürk Tarih Kurumu, _c2021. |
|
| 300 |
_axxvi, 230 pages : _bmap, illustrations ; _c24 cm |
||
| 336 |
_atext _btxt _2rdacontent |
||
| 337 |
_aunmediated _bn _2rdamedia |
||
| 338 |
_avolume _bnc _2rdacarrier |
||
| 490 | 0 |
_aTürk Tarih Kurumu Yayınları. IV/A-2-1.5. dizi ; _vsayı 1 |
|
| 650 | 0 |
_aSeljuks _zTurkey _xHistory _915490 |
|
| 650 | 7 |
_aSelçuklular _zTürkiye _xTarih _2etuturkob _96956 |
|
| 651 | 0 |
_aTurkey _xHistory _yTo 1453. _915472 |
|
| 651 | 0 |
_aTurkey _xEthnic relations. _922176 |
|
| 942 |
_2lcc _cBK |
||
| 999 |
_c200459463 _d77675 |
||